<?xml version="1.0" encoding="UTF-8"?><?xml-stylesheet type="text/xsl" href="static/style.xsl"?><OAI-PMH xmlns="http://www.openarchives.org/OAI/2.0/" xmlns:xsi="http://www.w3.org/2001/XMLSchema-instance" xsi:schemaLocation="http://www.openarchives.org/OAI/2.0/ http://www.openarchives.org/OAI/2.0/OAI-PMH.xsd"><responseDate>2026-04-17T20:11:40Z</responseDate><request verb="GetRecord" identifier="oai:riubu.ubu.es:10259/7925" metadataPrefix="marc">https://riubu.ubu.es/oai/request</request><GetRecord><record><header><identifier>oai:riubu.ubu.es:10259/7925</identifier><datestamp>2023-11-03T01:05:33Z</datestamp><setSpec>com_10259_4313</setSpec><setSpec>com_10259_5086</setSpec><setSpec>com_10259_2604</setSpec><setSpec>com_10259_5363</setSpec><setSpec>col_10259_4314</setSpec><setSpec>col_10259_5364</setSpec></header><metadata><record xmlns="http://www.loc.gov/MARC21/slim" xmlns:doc="http://www.lyncode.com/xoai" xmlns:xsi="http://www.w3.org/2001/XMLSchema-instance" xmlns:dcterms="http://purl.org/dc/terms/" xsi:schemaLocation="http://www.loc.gov/MARC21/slim http://www.loc.gov/standards/marcxml/schema/MARC21slim.xsd">
<leader>00925njm 22002777a 4500</leader>
<datafield tag="042" ind1=" " ind2=" ">
<subfield code="a">dc</subfield>
</datafield>
<datafield tag="720" ind1=" " ind2=" ">
<subfield code="a">Cantero, Leire</subfield>
<subfield code="e">author</subfield>
</datafield>
<datafield tag="720" ind1=" " ind2=" ">
<subfield code="a">González Ceballos, Lara</subfield>
<subfield code="e">author</subfield>
</datafield>
<datafield tag="720" ind1=" " ind2=" ">
<subfield code="a">Vallejos Calzada, Saúl</subfield>
<subfield code="e">author</subfield>
</datafield>
<datafield tag="720" ind1=" " ind2=" ">
<subfield code="a">Puertas López, Guillermo</subfield>
<subfield code="e">author</subfield>
</datafield>
<datafield tag="720" ind1=" " ind2=" ">
<subfield code="a">Fernández Muiño, Miguel Ángel</subfield>
<subfield code="e">author</subfield>
</datafield>
<datafield tag="720" ind1=" " ind2=" ">
<subfield code="a">Sancho Ortiz, María Teresa</subfield>
<subfield code="e">author</subfield>
</datafield>
<datafield tag="720" ind1=" " ind2=" ">
<subfield code="a">Osés Gómez, Sandra María</subfield>
<subfield code="e">author</subfield>
</datafield>
<datafield tag="260" ind1=" " ind2=" ">
<subfield code="c">2023-11</subfield>
</datafield>
<datafield tag="520" ind1=" " ind2=" ">
<subfield code="a">This study was aimed at researching the impact of the drying procedure (using the most appropriate honey–maltodextrin concentration for each drying technique) and botanical origin of honey on the physicochemical and potentially bioactive properties of honey powders that were made using maltodextrin as a carrier. The research was carried out with thyme, lavender, vetch and multifloral honey dehydrated using vacuum drying and freeze drying. The analysed parameters were moisture, water activity, colour, glass transition temperature, powder recovery, hygroscopic index and rate, tapped density, solubility, and phenolics as well as antiradical (ABTS•+, ROO•, •OH and O2•−), anti-inflammatory and antimicrobial (against Staphylococcus aureus, Escherichia coli and Listeria monocytogenes) activities. Freeze drying provided the highest recoveries. Powders obtained using freeze drying showed higher moisture and solubility as well as lower glass transition temperature, density and hygroscopicity than those obtained using vacuum drying. Hygroscopicity, glass transition temperature and antimicrobial activity against St. aureus depended on the drying procedure–honey concentration. Colour, anti-O2•− activity and antimicrobial activity against L. monocytogenes depended on the botanical origin of the raw honey. Moisture, solubility, density, total phenolic content, anti-ABTS•+ and anti-ROO• activities as well as anti-inflammatory activity and antimicrobial activity against E. coli depended on the drying procedure–honey concentration and botanical origin.</subfield>
</datafield>
<datafield tag="024" ind2=" " ind1="8">
<subfield code="a">2304-8158</subfield>
</datafield>
<datafield tag="024" ind2=" " ind1="8">
<subfield code="a">http://hdl.handle.net/10259/7925</subfield>
</datafield>
<datafield tag="024" ind2=" " ind1="8">
<subfield code="a">10.3390/foods12213990</subfield>
</datafield>
<datafield tag="024" ind2=" " ind1="8">
<subfield code="a">2304-8158</subfield>
</datafield>
<datafield ind1=" " ind2=" " tag="653">
<subfield code="a">Honey powder</subfield>
</datafield>
<datafield ind1=" " ind2=" " tag="653">
<subfield code="a">Freeze drying</subfield>
</datafield>
<datafield ind1=" " ind2=" " tag="653">
<subfield code="a">Vacuum drying</subfield>
</datafield>
<datafield ind1=" " ind2=" " tag="653">
<subfield code="a">Ppotentially bioactive properties</subfield>
</datafield>
<datafield tag="245" ind1="0" ind2="0">
<subfield code="a">Impact of the Drying Procedure and Botanical Origin on the Physico-Chemical and Potentially Bioactive Properties of Honey Powders</subfield>
</datafield>
</record></metadata></record></GetRecord></OAI-PMH>